|
|
|
|
| LEADER |
01507nam a2200313 a 4500 |
| 001 |
11801536 |
| 008 |
100110s1997 at a b 001 0 eng d |
| 010 |
|
|
|a 99459981
|
| 020 |
|
|
|a 9056995553 (hdbk.)
|
| 020 |
|
|
|a 9056995561 (pbk.)
|
| 040 |
|
|
|a AUT
|c AUT
|d DLC
|d BD-DhAAL
|
| 082 |
0 |
0 |
|a 362.1/969
|2 21
|
| 245 |
0 |
3 |
|a An anthropology of infectious disease :
|b international health perspectives /
|c edited by Marcia C. Inhorn and Peter J. Brown.
|
| 260 |
|
|
|a Australia :
|b Gordon and Breach Publishers,
|c c1997.
|
| 300 |
|
|
|a xv, 495 p. :
|b ill. ;
|c 24 cm.
|
| 490 |
0 |
|
|a Theory and practice in medical anthropology and international health ;
|v v. 4
|
| 504 |
|
|
|a Includes bibliographical references and index.
|
| 541 |
1 |
|
|e 00012453
|
| 650 |
|
0 |
|a Communicable diseases.
|
| 650 |
|
0 |
|a Medical anthropology.
|
| 650 |
|
2 |
|a Communicable diseases.
|
| 650 |
|
2 |
|a Anthropology.
|
| 700 |
1 |
|
|a Inhorn, Marcia Claire,
|d 1957-
|
| 700 |
1 |
|
|a Brown, Peter J.
|
| 852 |
4 |
|
|a Ayesha Abed Library
|j General shelf
|
| 999 |
|
|
|c 6833
|d 6833
|
| 952 |
|
|
|0 0
|1 0
|2 ddc
|4 0
|6 362_196900000000000_ANT
|7 0
|9 7044
|a BRACUL
|b BRACUL
|c GEN
|d 2010-01-11
|l 0
|o 362.1969 ANT
|p 3010012453
|r 2010-01-11
|t 1
|w 2010-01-11
|y BK
|x Price not available in Register
|
| 952 |
|
|
|0 0
|1 0
|2 ddc
|4 0
|6 362_196900000000000_ANT
|7 0
|9 19257
|a JPGSPH
|b JPGSPH
|c GEN
|d 2012-01-19
|l 0
|o 362.1969 ANT
|p 3060024334
|r 2012-01-23
|t 2
|w 2012-01-23
|y BK
|
| 952 |
|
|
|0 0
|1 0
|2 ddc
|4 0
|6 362_196900000000000_ANT
|7 0
|9 19258
|a JPGSPH
|b JPGSPH
|c GEN
|d 2012-01-19
|l 0
|o 362.1969 ANT
|p 3060024335
|r 2012-01-23
|t 4
|w 2012-01-23
|y BK
|